| 000 | 00853nac a22002777a 4500 | ||
|---|---|---|---|
| 001 | BR6007801 | ||
| 003 | BR-BrBNA | ||
| 005 | 20240105113221.0 | ||
| 008 | 230509b bl.|||m| |||| 00| 0 por d | ||
| 040 |
_aBR-BrBNA _bpor _cBiblioteca Nacional de Agricultura |
||
| 072 | _aD50; E70 | ||
| 090 | _a3140 BR6007801 | ||
| 110 | 1 |
_aServico de Economia Rural, Rio de Janeiro, GB (Brasil); _99315 |
|
| 110 | 1 | _aServico de Informacao Agricola, Rio de Janeiro, GB (Brasil) | |
| 245 | 1 | _aPinho e legislacao vigente [Brasil] | |
| 260 | 3 |
_aRio de Janeiro, GB (Brasil): _c1949. |
|
| 300 | _a8 p. | ||
| 490 |
_aSIA (Brazil) _vno. 714 _x |
||
| 650 | _aLegislacao | ||
| 650 | _aComercializacao | ||
| 650 | _aPinheiro | ||
| 650 | _aControle de qualidade | ||
| 650 | _aExportacao | ||
| 909 |
_a202312 _bLúcia Elande _c55 _dLúcia Elande |
||
| 942 |
_2AGRIS _n0 _cMS |
||
| 999 |
_c262525 _d262525 |
||